[Event "SVK-chT3A2 1213"]
[Site "Slovakia"]
[Date "2012.11.18"]
[Round "4.1"]
[White "Ocko, Martin"]
[Black "Holly, Milan"]
[Result "1-0"]
[WhiteElo "1661"]
[BlackElo "1837"]
[PlyCount "61"]
[EventDate "2012.10.07"]
[EventType "team-tourn"]
[EventRounds "11"]
[EventCountry "SVK"]
[SourceTitle "EXT 2015"]
[Source "ChessBase"]
[SourceDate "2014.11.20"]
[SourceVersion "1"]
[SourceVersionDate "2014.11.20"]
[SourceQuality "1"]
[WhiteTeam "Senica CVC"]
[BlackTeam "Holic"]
[WhiteTeamCountry "SVK"]
[BlackTeamCountry "SVK"]

1. d4 e6 2. c4 b6 3. Nc3 Bb7 4. e4 Bb4 5. Bd3 Nf6 6. f3 Bxc3+ 7. bxc3 0-0 8. Ne2 d5 9. cxd5 exd5 10. e5 Nfd7 11. 0-0 c5 12. Qc2 g6 13. Bh6 Re8 14. Ng3 Nc6 15. Be3 Rc8 16. Qf2 Qe7 17. f4 cxd4 18. Bxd4 Qa3 19. Bb5 Ndb8 20. f5 Rf8 21. Qd2 Nxd4 22. cxd4 Rfd8 23. Rf3 Qe7 24. Raf1 a6 25. f6 Qf8 26. Bd3 Nc6 27. Qe3 Nb4 28. e6 fxe6 29. f7+ Kh8 30. Qe5+ Qg7 31. f8Q+ 1-0

[Event "SVK-chT3A2 1213"]
[Site "Slovakia"]
[Date "2012.10.21"]
[Round "2.2"]
[White "Gubis, Vladimir"]
[Black "Holly, Milan"]
[Result "0-1"]
[WhiteElo "1834"]
[BlackElo "1837"]
[PlyCount "46"]
[EventDate "2012.10.07"]
[EventType "team-tourn"]
[EventRounds "11"]
[EventCountry "SVK"]
[SourceTitle "EXT 2015"]
[Source "ChessBase"]
[SourceDate "2014.11.20"]
[SourceVersion "1"]
[SourceVersionDate "2014.11.20"]
[SourceQuality "1"]
[WhiteTeam "Piestany Kupele II"]
[BlackTeam "Holic"]
[WhiteTeamCountry "SVK"]
[BlackTeamCountry "SVK"]

1. e4 b6 2. c4 e6 3. Nc3 Bb7 4. Nf3 Be7 5. Be2 Nf6 6. e5 Ne4 7. Nxe4 Bxe4 8. 0-0 0-0 9. d4 d5 10. cxd5 Bxd5 11. Be3 Nd7 12. Qd2 c5 13. Rfd1 cxd4 14. Bxd4 Rc8 15. b4 Qc7 16. Ba6 Rcd8 17. Rac1 Qb8 18. a3 Bxf3 19. gxf3 Nxe5 20. Qe3 Ng6 21. Qe4 Qf4 22. Qxf4 Nxf4 23. Rc7 Bf6 0-1

[Event "SVK-chT3A2 0910"]
[Site "Slovakia"]
[Date "2010.03.14"]
[Round "10.8"]
[White "Skapik, Branislav"]
[Black "Holly, Milan"]
[Result "1-0"]
[WhiteElo "1847"]
[BlackElo "1820"]
[PlyCount "60"]
[EventDate "2009.10.18"]
[EventType "team-tourn"]
[EventRounds "11"]
[EventCountry "SVK"]
[SourceTitle "EXT 2011"]
[Source "ChessBase"]
[SourceDate "2010.11.26"]
[SourceVersion "1"]
[SourceVersionDate "2010.11.26"]
[SourceQuality "1"]
[WhiteTeam "Osuske II"]
[BlackTeam "Holic"]
[WhiteTeamCountry "SVK"]
[BlackTeamCountry "SVK"]

1. e4 e6 2. d4 b6 3. c4 Bb7 4. Bd3 Nf6 5. f3 Be7 6. Nc3 d5 7. Nge2 0-0 8. 0-0 c5 9. cxd5 exd5 10. e5 Nfd7 11. f4 cxd4 12. Nxd4 Bc5 13. Be3 Nc6 14. Nce2 Qe8 15. Rf3 f6 16. e6 Nxd4 17. Nxd4 Bxd4 18. Bxd4 Qxe6 19. Qc2 f5 20. Re3 Qf7 21. Qc7 Rab8 22. Rae1 Rfc8 23. Qd6 Rc6 24. Qe7 Rf8 25. Qa3 Qg6 26. Rg3 Nc5 27. Rxg6 Rxg6 28. Bxc5 bxc5 29. Qxc5 d4 30. Bc4+ Kh8 1-0

[Event "SVK-chT3A2 0910"]
[Site "Slovakia"]
[Date "2010.02.28"]
[Round "9.6"]
[White "Holly, Milan"]
[Black "Drabek, Martin"]
[Result "1-0"]
[WhiteElo "1820"]
[BlackElo "1449"]
[PlyCount "121"]
[EventDate "2009.10.18"]
[EventType "team-tourn"]
[EventRounds "11"]
[EventCountry "SVK"]
[SourceTitle "EXT 2011"]
[Source "ChessBase"]
[SourceDate "2010.11.26"]
[SourceVersion "1"]
[SourceVersionDate "2010.11.26"]
[SourceQuality "1"]
[WhiteTeam "Holic"]
[BlackTeam "Skalica II"]
[WhiteTeamCountry "SVK"]
[BlackTeamCountry "SVK"]

1. Nf3 Nc6 2. b3 e5 3. Bb2 d6 4. e3 a6 5. Be2 Nf6 6. 0-0 Be7 7. c4 Bf5 8. d4 exd4 9. Nxd4 Nxd4 10. Qxd4 c5 11. Qf4 Bg6 12. Nc3 0-0 13. Rfd1 Qd7 14. Na4 Qf5 15. Qxf5 Bxf5 16. Bf3 Rab8 17. Nb6 Rfd8 18. g3 Nd7 19. Nd5 Bf8 20. Rd2 b5 21. Bc3 Ne5 22. Bxe5 dxe5 23. Rad1 Kh8 24. cxb5 axb5 25. Be2 b4 26. Bc4 Bg4 27. Be2 Bxe2 28. Rxe2 Rd6 29. e4 g6 30. f3 Rbd8 31. Red2 Bh6 32. Rc2 Be3+ 33. Nxe3 Rxd1+ 34. Nxd1 Rxd1+ 35. Kf2 f6 36. Ke2 Rg1 37. Kd3 Rd1+ 38. Kc4 Rd8 39. Kb5 Rb8+ 40. Kc6 Rd8 41. Rf2 Rd4 42. Kxc5 Kg7 43. Kb5 Kf7 44. Ka4 Ke7 45. a3 bxa3+ 46. Kxa3 Kd7 47. b4 Kc6 48. Ka4 Kb6 49. f4 Rxe4 50. fxe5 fxe5 51. Rf6+ Kb7 52. Kb5 Rd4 53. Rf7+ Kb8 54. Rxh7 e4 55. Re7 Rd2 56. Rxe4 Rxh2 57. Re6 g5 58. Rg6 Rh7 59. Rg8+ Kc7 60. Rxg5 Kd6 61. Kb6 1-0

[Event "SVK-chT3A2 0607"]
[Site "Slovakia"]
[Date "2006.11.19"]
[Round "4"]
[White "Holly, Milan"]
[Black "Kollarik, Gorazd"]
[Result "1/2-1/2"]
[WhiteElo "1776"]
[BlackElo "1976"]
[PlyCount "148"]
[EventDate "2006.10.08"]
[EventType "team-tourn"]
[EventRounds "11"]
[EventCountry "SVK"]
[SourceTitle "EXT 2008"]
[Source "ChessBase"]
[SourceDate "2007.11.25"]
[SourceVersion "1"]
[SourceVersionDate "2007.11.25"]
[SourceQuality "1"]
[WhiteTeam "Holic"]
[BlackTeam "Hlohovec Junior"]
[WhiteTeamCountry "SVK"]
[BlackTeamCountry "SVK"]

1. Nf3 Nf6 2. b3 g6 3. Bb2 Bg7 4. e3 c5 5. Be2 Nc6 6. 0-0 0-0 7. c4 d6 8. d4 cxd4 9. Nxd4 Bd7 10. Bf3 Qc8 11. a3 Bg4 12. Nxc6 bxc6 13. Nd2 Bxf3 14. Nxf3 c5 15. Qc2 Qc6 16. Nd2 Rab8 17. Rfb1 Rb7 18. f3 Rfb8 19. e4 Nh5 20. Bxg7 Nxg7 21. Ra2 a5 22. Qc3 Qc7 23. Rab2 Ne6 24. Kf2 Nd8 25. g3 Nc6 26. f4 Qd7 27. Nf3 h6 28. e5 dxe5 29. Nxe5 Qd4+ 30. Qxd4 Nxd4 31. Nd3 Rc7 32. Ke3 Nf5+ 33. Kd2 Rd8 34. Kc3 Nd6 35. Re1 f5 36. Nf2 Kf7 37. Rd2 Rcd7 38. Red1 e6 39. Kc2 Ke7 40. Re2 Nb7 41. Nd3 Kf6 42. Red2 g5 43. Ne5 Rxd2+ 44. Rxd2 Rxd2+ 45. Kxd2 Ke7 46. Kc3 gxf4 47. gxf4 h5 48. h4 Kd6 49. b4 axb4+ 50. axb4 cxb4+ 51. Kxb4 Nc5 52. Nf7+ Kc6 53. Ne5+ Kb6 54. Kc3 Ne4+ 55. Kd4 Nc5 56. Ng6 Nd7 57. Ne5 Nc5 58. Nf3 Kc6 59. Ke5 Kd7 60. Kf6 Ne4+ 61. Kg6 Ng3 62. Ne5+ Kd6 63. Kg5 Kc5 64. Kf6 Kd6 65. Nd3 Ne2 66. c5+ Kd5 67. c6 Kxc6 68. Kxe6 Ng3 69. Ne5+ Kc5 70. Kf6 Kd4 71. Ng6 Ke4 72. Kg5 Kf3 73. Ne7 Ke4 74. Ng6 Kf3 1/2-1/2

[Event "SVK-chT2A 0506"]
[Site "Slovakia"]
[Date "2006.02.12"]
[Round "9.8"]
[White "Macka, Oto"]
[Black "Holly, Milan"]
[Result "1/2-1/2"]
[WhiteElo "1956"]
[BlackElo "1757"]
[PlyCount "54"]
[EventDate "2005.10.22"]
[EventType "team-tourn"]
[EventRounds "11"]
[EventCountry "SVK"]
[SourceTitle "EXT 2009"]
[Source "ChessBase"]
[SourceDate "2008.11.26"]
[SourceVersion "1"]
[SourceVersionDate "2008.11.26"]
[SourceQuality "1"]

1. e4 b6 2. d4 e6 3. c4 Bb7 4. f3 Ne7 5. Nc3 Ng6 6. Be3 Bb4 7. Nge2 0-0 8. a3 Be7 9. Nc1 d5 10. Be2 Bg5 11. Qd2 Bxe3 12. Qxe3 Qh4+ 13. g3 Qd8 14. 0-0 Re8 15. f4 dxe4 16. Nxe4 Nd7 17. Bf3 Rb8 18. b4 Nf6 19. Nb3 Nxe4 20. Bxe4 Bxe4 21. Qxe4 Qf6 22. Rad1 Ne7 23. Rd2 Rbd8 24. Rfd1 Rd7 25. Qe5 Red8 26. Qxf6 gxf6 27. Kf2 f5 1/2-1/2

[Event "SVK-chT2A 0506"]
[Site "Slovakia"]
[Date "2006.02.11"]
[Round "8.7"]
[White "Janecek, Jan"]
[Black "Holly, Milan"]
[Result "0-1"]
[WhiteElo "1990"]
[BlackElo "1757"]
[PlyCount "74"]
[EventDate "2005.10.22"]
[EventType "team-tourn"]
[EventRounds "11"]
[EventCountry "SVK"]
[SourceTitle "EXT 2009"]
[Source "ChessBase"]
[SourceDate "2008.11.26"]
[SourceVersion "1"]
[SourceVersionDate "2008.11.26"]
[SourceQuality "1"]

1. d4 b6 2. c4 e6 3. e3 Bb7 4. Nf3 Nf6 5. Nc3 Bb4 6. Bd2 c5 7. Be2 0-0 8. 0-0 cxd4 9. exd4 d5 10. cxd5 Bxd5 11. Nxd5 Nxd5 12. Bxb4 Nxb4 13. Qd2 Nd5 14. Rfe1 Nc6 15. Bd3 h6 16. Rac1 Rc8 17. Bb1 Qf6 18. Qd3 g6 19. Qd2 Qg7 20. Qd3 Rc7 21. g3 Rfc8 22. Qd2 Nxd4 23. Nxd4 Rxc1 24. Rxc1 Rxc1+ 25. Qxc1 Qxd4 26. Bc2 Kg7 27. Bd1 Nb4 28. Bb3 Nd3 29. Qc3 Qxc3 30. bxc3 Nc1 31. Bc4 b5 32. Bxb5 Nxa2 33. c4 Nc3 34. Kf1 Kf6 35. Ke1 Nxb5 36. cxb5 Ke5 37. Kd2 Kd4 0-1

[Event "SVK-ch 1st email"]
[Site "Slovakia"]
[Date "2002.??.??"]
[Round "?"]
[White "Chovanec, Milan"]
[Black "Holly, Milan"]
[Result "1-0"]
[WhiteElo "2379"]
[BlackElo "2146"]
[PlyCount "120"]
[EventDate "2002.02.04"]
[EventType "tourn (corr)"]
[EventRounds "14"]
[EventCountry "SVK"]
[SourceTitle "Corr 2008"]
[Source "ChessBase"]
[SourceDate "2008.06.24"]
[SourceVersion "1"]
[SourceVersionDate "2008.06.24"]
[SourceQuality "1"]

1. e4 c6 2. d4 d5 3. Nc3 dxe4 4. Nxe4 Bf5 5. Ng3 Bg6 6. h4 h6 7. Nf3 e6 8. Ne5 Bh7 9. Bd3 Bxd3 10. Qxd3 Nd7 11. Bf4 Nxe5 12. Bxe5 Qa5+ 13. c3 0-0-0 14. Qe2 Nf6 15. 0-0 Nd7 16. b4 Qa4 17. Bf4 Nf6 18. Ne4 Nxe4 19. Qxe4 Rg8 20. Rfe1 Be7 21. Be5 Rd7 22. Qh7 Re8 23. Qxg7 Bxh4 24. Qxh6 Bd8 25. Qh5 Rg8 26. Qd1 Qb5 27. Qe2 Qa4 28. Rab1 Bb6 29. g3 a6 30. Rb3 Rg6 31. Qc2 Rh6 32. Rb2 Qxc2 33. Rxc2 a5 34. a3 Bd8 35. Kg2 a4 36. b5 cxb5 37. c4 b6 38. cxb5+ Kb7 39. Rc4 Rd5 40. Rb1 Rh5 41. Rxa4 f6 42. Bf4 Rxb5 43. Re1 Ra5 44. Rxa5 Rxa5 45. Bd6 Rd5 46. Rxe6 Rxd4 47. Bb4 Kc7 48. f4 Rd5 49. g4 Rd3 50. Kf2 Kd7 51. Re3 Rd5 52. Kf3 Rd4 53. Re2 b5 54. Rd2 Rxd2 55. Bxd2 f5 56. gxf5 Be7 57. Bb4 Bf6 58. Ke4 Kc6 59. Bf8 Bb2 60. f6 Kd7 1-0

[Event "SVK-ch 1st email"]
[Site "Slovakia"]
[Date "2002.??.??"]
[Round "?"]
[White "Holly, Milan"]
[Black "Karasek, Lubomir"]
[Result "1/2-1/2"]
[WhiteElo "2146"]
[BlackElo "2344"]
[PlyCount "77"]
[EventDate "2002.02.04"]
[EventType "tourn (corr)"]
[EventRounds "14"]
[EventCountry "SVK"]
[SourceTitle "Corr 2008"]
[Source "ChessBase"]
[SourceDate "2008.06.24"]
[SourceVersion "1"]
[SourceVersionDate "2008.06.24"]
[SourceQuality "1"]

1. Nf3 Nf6 2. b3 g6 3. Bb2 Bg7 4. e3 0-0 5. d4 d6 6. c4 Nbd7 7. Be2 e5 8. Nc3 Re8 9. d5 Nc5 10. 0-0 a5 11. a3 Bf5 12. Nh4 Bd7 13. Nf3 Bg4 14. b4 Na6 15. Qb3 c6 16. e4 axb4 17. axb4 Qb6 18. b5 Nc5 19. Qc2 cxd5 20. cxd5 Rac8 21. Na4 Nxa4 22. Qxa4 Nh5 23. Bc1 Nf4 24. Re1 Nxe2+ 25. Rxe2 Bxf3 26. gxf3 Qd8 27. Rc2 Qd7 28. Rca2 f5 29. b6 Qd8 30. Be3 Rf8 31. Qb4 f4 32. Bd2 Qg5+ 33. Kf1 Qe7 34. Qb3 Qh4 35. Bb4 Qd8 36. Be1 Rf7 37. Ra7 h6 38. Bc3 Qh4 39. Kg2 1/2-1/2

[Event "SVK-ch 1st email"]
[Site "Slovakia"]
[Date "2002.??.??"]
[Round "?"]
[White "Holly, Milan"]
[Black "Miciak, Emanuel"]
[Result "0-1"]
[WhiteElo "2146"]
[BlackElo "2432"]
[PlyCount "87"]
[EventDate "2002.02.04"]
[EventType "tourn (corr)"]
[EventRounds "14"]
[EventCountry "SVK"]
[SourceTitle "Corr 2008"]
[Source "ChessBase"]
[SourceDate "2008.06.24"]
[SourceVersion "1"]
[SourceVersionDate "2008.06.24"]
[SourceQuality "1"]

1. Nf3 Nf6 2. b3 g6 3. Bb2 Bg7 4. e3 0-0 5. d4 d5 6. c4 c5 7. dxc5 Qa5+ 8. Qd2 Qxc5 9. Bd4 Ne4 10. Qb2 Qb4+ 11. Nfd2 Nxd2 12. Nxd2 Bxd4 13. Qxd4 Nc6 14. Qb2 Be6 15. a3 Qb6 16. b4 dxc4 17. Nxc4 Qb5 18. Rc1 Qg5 19. Nd2 Qe5 20. Qxe5 Nxe5 21. Bb5 Rfd8 22. Ke2 a6 23. Ba4 a5 24. Ra1 Nc4 25. Nxc4 Bxc4+ 26. Kf3 b5 27. Bc2 Rd2 28. Be4 Ra6 29. bxa5 f5 30. Bb1 Rxa5 31. Rc1 e5 32. Kg3 Kf7 33. Rc2 Rd1 34. Rb2 Ke7 35. f3 Kd6 36. Kh4 Re1 37. e4 fxe4 38. fxe4 h6 39. Kg3 Kc5 40. h4 Re3+ 41. Kf2 Rexa3 42. Rxa3 Rxa3 43. Ke1 Rb3 44. Rxb3 0-1

[Event "SVK-ch 1st email"]
[Site "Slovakia"]
[Date "2002.??.??"]
[Round "?"]
[White "Holly, Milan"]
[Black "Mokos, Jozef"]
[Result "0-1"]
[WhiteElo "2146"]
[BlackElo "2056"]
[PlyCount "72"]
[EventDate "2002.02.04"]
[EventType "tourn (corr)"]
[EventRounds "14"]
[EventCountry "SVK"]
[SourceTitle "Corr 2008"]
[Source "ChessBase"]
[SourceDate "2008.06.24"]
[SourceVersion "1"]
[SourceVersionDate "2008.06.24"]
[SourceQuality "1"]

1. Nf3 d6 2. b3 e5 3. Nc3 f5 4. e4 Nf6 5. exf5 Bxf5 6. d4 e4 7. Qe2 Qe7 8. Nh4 Bg4 9. f3 exf3 10. gxf3 Qxe2+ 11. Bxe2 Be6 12. Bg5 Be7 13. Rg1 d5 14. 0-0-0 Nc6 15. Nb5 Kd7 16. f4 Rhf8 17. Nf3 Rae8 18. Bd3 Nb4 19. Bxf6 Nxd3+ 20. Rxd3 gxf6 21. Re3 Bf7 22. Kd1 c6 23. Nc3 Rg8 24. Ne2 Rxg1+ 25. Nfxg1 Bd6 26. Rxe8 Bxe8 27. Kd2 Ke6 28. Ke3 Bg6 29. c4 dxc4 30. bxc4 Bb4 31. Nc1 b5 32. cxb5 cxb5 33. Nd3 Bd6 34. Ne2 b4 35. Ndc1 Bb1 36. Ng3 f5 0-1

[Event "SVK-ch 1st email"]
[Site "Slovakia"]
[Date "2002.??.??"]
[Round "?"]
[White "Mego, Peter"]
[Black "Holly, Milan"]
[Result "1-0"]
[WhiteElo "2039"]
[BlackElo "2146"]
[PlyCount "81"]
[EventDate "2002.02.04"]
[EventType "tourn (corr)"]
[EventRounds "14"]
[EventCountry "SVK"]
[SourceTitle "Corr 2008"]
[Source "ChessBase"]
[SourceDate "2008.06.24"]
[SourceVersion "1"]
[SourceVersionDate "2008.06.24"]
[SourceQuality "1"]

1. d4 Nf6 2. Nf3 d5 3. g3 e6 4. Bg2 c5 5. 0-0 cxd4 6. Nxd4 Nbd7 7. Nd2 Bc5 8. N4b3 Bb6 9. c4 Ne5 10. cxd5 Nxd5 11. Ne4 0-0 12. Nec5 Qe7 13. Qc2 Bd7 14. Nxd7 Qxd7 15. Qe4 Ng6 16. Rd1 Rad8 17. e3 f5 18. Qc4 Rc8 19. Qe2 Rfd8 20. Bd2 Rc2 21. Qd3 Qc8 22. Nd4 Rxb2 23. Rac1 Qd7 24. Qa3 Bxd4 25. exd4 Rb6 26. Ba5 Ra6 27. Bf1 b5 28. Rc5 Rb8 29. Rb1 Rd6 30. Rbxb5 Nb6 31. Qc3 Rb7 32. Bg2 Rb8 33. d5 e5 34. Rc6 Qe7 35. a4 Rbd8 36. Bb4 Rxc6 37. dxc6 Qe6 38. c7 Rd1+ 39. Bf1 Nc8 40. Rb8 Kf7 41. Rxc8 1-0

[Event "SVK-chT2A 9798"]
[Site "Slovakia"]
[Date "1998.??.??"]
[Round "?"]
[White "Holly, Milan"]
[Black "Michalek, P."]
[Result "1/2-1/2"]
[WhiteElo "1680"]
[BlackElo "1625"]
[PlyCount "91"]
[EventDate "1997.??.??"]
[EventType "team"]
[EventRounds "11"]
[EventCountry "SVK"]
[SourceTitle "EXT 2001"]
[Source "ChessBase"]
[SourceDate "2000.11.22"]
[SourceVersion "1"]
[SourceVersionDate "2000.11.22"]
[SourceQuality "1"]

1. e4 c5 2. Nf3 e6 3. Nc3 a6 4. a3 Nc6 5. Bc4 d6 6. 0-0 Nf6 7. d3 Be7 8. h3 0-0 9. Nh2 d5 10. Bb3 dxe4 11. dxe4 Qxd1 12. Rxd1 Nd4 13. Be3 Nxb3 14. cxb3 b6 15. f4 Bb7 16. Ng4 Nxg4 17. hxg4 Rfd8 18. Kf2 Bc6 19. g5 Rxd1 20. Rxd1 b5 21. e5 b4 22. Ne2 Bd5 23. Nc1 Rc8 24. g3 g6 25. Rd2 c4 26. Rc2 c3 27. bxc3 Rxc3 28. Rxc3 bxc3 29. Bd4 Bxa3 30. Be3 a5 31. Ke2 Bxc1 32. Bxc1 Bxb3 33. Kd3 c2 34. Ba3 Ba4 35. Kd4 Bc6 36. Kc3 c1Q+ 37. Bxc1 Kf8 38. Ba3+ Ke8 39. Bd6 Kd7 40. Kc4 Ba4 41. Kc5 Bb3 42. Kb5 a4 43. Bc5 Bc2 44. Ba3 Kc7 45. Kc5 Bb3 46. Bb4 1/2-1/2